Las mujeres juzgadas por las malas lenguas (Record no. 89214)

MARC details
000 -LEADER
campo de control de longitud fija 00656nam a2200193 i 4500
001 - NÚMERO DE CONTROL
campo de control 89214
003 - IDENTIFICADOR DE NÚMERO DE CONTROL
campo de control ES-MaACL
005 - FECHA Y HORA DE LA ÚLTIMA TRANSACCIÓN
campo de control 20230906180119.0
007 - CAMPO FIJO DE DESCRIPCIÓN FÍSICA--INFORMACIÓN GENERAL
campo de control de longitud fija t|
008 - DATOS DE LONGITUD FIJA--INFORMACIÓN GENERAL
campo de control de longitud fija 050105s1922 sp |||| | spa d
100 1# - ENTRADA PRINCIPAL--NOMBRE DE PERSONA
Nombre de persona Larcher, Louis-Julien (
Fechas asociadas al nombre 1809-1865)
9 (RLIN) 157153
245 14 - MENCIÓN DEL TÍTULO
Título Las mujeres juzgadas por las malas lenguas
Resto del título : antología femenina /
Mención de responsabilidad, etc. formada por L.M. Larcher ; traducción de Francisco Lombardía.
260 ## - PUBLICACIÓN, DISTRIBUCIÓN, ETC.
Lugar de publicación, distribución, etc. Madrid :
Nombre del editor, distribuidor, etc. [s.n.,
Fecha de publicación, distribución, etc. 1922] (
Fabricante Imp. de Gabriel L. del Horno)
300 ## - DESCRIPCIÓN FÍSICA
Extensión 332 p. ;
Dimensiones 23 cm.
500 ## - NOTA GENERAL
Nota general Índice.
650 #4 - PUNTO DE ACCESO ADICIONAL DE MATERIA--TÉRMINO DE MATERIA
Término de materia o nombre geográfico como elemento de entrada Mujeres-
Subdivisión de forma Citas.
9 (RLIN) 157152
700 1# - ENTRADA AGREGADA--NOMBRE PERSONAL
Nombre de persona Lombardía, Francisco.
9 (RLIN) 73190
852 ## - LOCALIZACIÓN
Ubicación ES-MaACL
Número de control de estantería F-14845
Holdings
Estatus retirado Estado de pérdida Estado de daño No para préstamo Biblioteca de origen Biblioteca actual Ubicación en estantería Fecha de adquisición Fuente de adquisición Total de préstamos Signatura topográfica completa Código de barras Visto por última vez Precio de reemplazo Tipo de ítem Koha
        Biblioteca del Ateneo de Madrid Biblioteca del Ateneo de Madrid Sala Pecera Planta 2 17/01/2008     F-14845 1093173 23/02/2023 23/02/2023 Libro impreso